| 000 | 01709cam a22004574i 4500 | ||
|---|---|---|---|
| 003 | PE-LiUPU | ||
| 005 | 20250731184552.0 | ||
| 008 | 150616s r 000 0 d | ||
| 035 | _a(Sirsi) a3449 | ||
| 040 |
_aPE-LiUPU _bspa _cPE-LiUPU _erda |
||
| 049 | _aPRUA | ||
| 082 | 0 | 4 |
_a985.2053 _bS19 _221 |
| 100 | 1 |
_aSampedro V., Francisco, _eautor. |
|
| 245 | 1 | 0 |
_aDel Amazonas en 1830 al Cóndor en 1981 : _bla realodad geográfica que la historia no investigó / _cFrancisco Sampedro V. |
| 264 | 1 |
_aQuito : _b1982. |
|
| 300 |
_a320 páginas ; _c21 cm. |
||
| 336 |
_atext _2rdacontent |
||
| 337 |
_aunmediated _2rdamedia |
||
| 338 |
_avolume _2rdacarrier |
||
| 505 | 0 | _aLos conflictos latinoamericanos -- Antecedentes inmediatos del heredado problema fronterizo territorial -- La territorialidad ecuatoriana -- El Ecuador en 1941 -- Ocupación peruana de territorio ecuatoriano -- La agresión peruana de 1981. | |
| 526 | _aP136 | ||
| 526 | _aP135 | ||
| 526 | _aP134 | ||
| 526 | _aP133 | ||
| 526 | _aP144 | ||
| 526 | _aP143 | ||
| 526 | _aP87 | ||
| 526 | _aP35 | ||
| 526 | _aP20 | ||
| 526 | _aP14 | ||
| 526 | _aP10 | ||
| 526 | _aP06 | ||
| 650 | 0 | 4 |
_aPerú _xRelaciones exteriores _xLímites _zEcuador. |
| 910 |
_ajck _bjvq _cjck |
||
| 942 |
_2ddc _cBOOK |
||
| 949 |
_a985.2053 S19 _wDEWEY _c1 _i36008 _lCCODEBUL1 _mBUL _p00.00 _r0 _sY _tBOOK _u19940808 _xEDUCACION _PP20 _0COMPRA _o.STAFF. Colección General |
||
| 994 |
_aC0 _bPEPRU |
||
| 596 | _a1 | ||
| 999 |
_a985.2053 S19 _wDEWEY _c42351 _i36008 _f2021-11-8 _g4 _lCCODEBUL1 _mBUL _r0 _sY _tBOOK _u2015-6-16 _xBIBLIOTECA _PP20 _0COMPRA _o.STAFF. Colección General _d42351 |
||
| 980 |
_81 _gALBERTO SANCHEZ Responsable de Automatización |
||